Military operations, (Record no. 185622)
[ view plain ]
| 000 -LEADER | |
|---|---|
| fixed length control field | 00824 a2200205 4500 |
| 003 - CONTROL NUMBER IDENTIFIER | |
| control field | Nust |
| 005 - DATE AND TIME OF LATEST TRANSACTION | |
| control field | 20221229115856.0 |
| 010 ## - LIBRARY OF CONGRESS CONTROL NUMBER | |
| LC control number | 34041811 |
| 040 ## - CATALOGING SOURCE | |
| Transcribing agency | Nust |
| 082 ## - DEWEY DECIMAL CLASSIFICATION NUMBER | |
| Classification number | 355.02,MIL |
| 100 ## - MAIN ENTRY--PERSONAL NAME | |
| Personal name | Edmonds, James Edward, Sir, |
| 9 (RLIN) | 106335 |
| 245 ## - TITLE STATEMENT | |
| Title | Military operations, |
| Remainder of title | France and Belgium, 1914 / |
| Statement of responsibility, etc. | Compiled by Brigadier-General Sir James E. Edmonds; |
| Medium | maps and sketches compiled by Major A. F. Becke |
| 250 ## - EDITION STATEMENT | |
| Edition statement | 3rd ed |
| 260 ## - PUBLICATION, DISTRIBUTION, ETC. | |
| Place of publication, distribution, etc. | Macmillan and co., Limited |
| Name of publisher, distributor, etc. | London, |
| Date of publication, distribution, etc. | 1933 |
| 300 ## - PHYSICAL DESCRIPTION | |
| Extent | xxix, 590 p |
| Other physical details | front |
| Dimensions | maps |
| Accompanying material | 23 cm |
| 505 ## - FORMATTED CONTENTS NOTE | |
| Formatted contents note | Part 1:- The Struggle for Achi Baba (Page-3), Part 2:- The August Offensive (Page-127), Part 3:- The Last Phase (Page-333). |
| 600 ## - SUBJECT ADDED ENTRY--PERSONAL NAME | |
| Personal name | Edmonds, James Edward, Sir, |
| 9 (RLIN) | 106335 |
| 650 ## - SUBJECT ADDED ENTRY--TOPICAL TERM | |
| Topical term or geographic name entry element | Military operations, France and Belgium, 1914 |
| 9 (RLIN) | 106336 |
| 942 ## - ADDED ENTRY ELEMENTS (KOHA) | |
| Source of classification or shelving scheme | |
| Koha item type | Book |
| Call number prefix | 355.02,MIL |
| Withdrawn status | Lost status | Source of classification or shelving scheme | Damaged status | Not for loan | Permanent Location | Current Location | Shelving location | Date acquired | Full call number | Barcode | Date last seen | Price effective from | Koha item type | Public note |
|---|---|---|---|---|---|---|---|---|---|---|---|---|---|---|
| Military College of Signals (MCS) | Military College of Signals (MCS) | General Stacks | 12/12/2016 | 355.02,MIL | MCS29281 | 12/08/2016 | 12/12/2016 | Book | Almirah No.52, Shelf No.2 |
